| 000 | 00590nam a22002297a 4500 | ||
|---|---|---|---|
| 003 | Ost | ||
| 005 | 20260313092214.0 | ||
| 008 | 260313b |||||||| |||| 00| 0 eng d | ||
| 020 | _a9789395161855 | ||
| 040 | _cBT-PhCST | ||
| 050 | _a25809-25813 | ||
| 082 |
_222 _a670.285 _bRAD |
||
| 100 | _aRadhakrishnan, P. | ||
| 245 | _aCad/cam/cim / | ||
| 250 | _a5th ed. | ||
| 260 |
_aNew Delhi : _bNew Age International Publishers, _cc2024. |
||
| 300 |
_axvi, 742 p. : _bill. ; _c24 cm. |
||
| 500 | _aIncludes index. | ||
| 700 | _aSubramanyan, S. | ||
| 700 | _aRaju,V. | ||
| 942 |
_2ddc _cMEC |
||
| 999 |
_c10214 _d10214 |
||